[Event "Centelles op B"]
[Site "Centelles"]
[Date "1996.09.21"]
[Round "3"]
[White "Salas Tobarias, Jordi"]
[Black "Barea Serra, Josep"]
[Result "1/2-1/2"]
[WhiteElo "1700"]
[BlackElo "1865"]
[PlyCount "70"]
[EventDate "1996.09.07"]
[EventType "swiss"]
[EventRounds "8"]
[EventCountry "ESP"]
[SourceTitle "EXT 2003"]
[Source "ChessBase"]
[SourceDate "2002.11.25"]
[SourceVersion "1"]
[SourceVersionDate "2002.11.25"]
[SourceQuality "1"]

1. e4 d5 2. exd5 Qxd5 3. Nc3 Qa5 4. Nf3 Nf6 5. Bc4 Bg4 6. 0-0 e6 7. a3 Nc6 8. Bb5 a6 9. Bxc6+ bxc6 10. d3 Qh5 11. Bf4 Bd6 12. Bxd6 Bxf3 13. Qxf3 Qxf3 14. gxf3 cxd6 15. Ne4 Ke7 16. Rfe1 Rab8 17. b4 Nd7 18. f4 d5 19. Ng5 h6 20. Nf3 Kd6 21. c4 c5 22. Rab1 Rhc8 23. Rec1 Ke7 24. cxd5 exd5 25. bxc5 Rxc5 26. Re1+ Kf6 27. Ne5 Rd8 28. Rb7 Nxe5 29. fxe5+ Kg6 30. Rb6+ Kf5 31. Rxa6 Re8 32. d4 Rc4 33. Ra7 Rf8 34. a4 Rxd4 35. a5 Re4 1/2-1/2